MANCHESTER UNITED's Premier League Goalkeepers Quiz Stats

 Plays Quiz not verified by Sporcle

Score 0/23 Timer 06:00
4 Plays Today
Man.United Premier League Appearances Player % Correct
280David de Gea
98.6%
186Edwin van der Sar
95.6%
252Peter Schmeichel
93.1%
92Fabien Barthez
89.8%
45Tim Howard
82.1%
7Sergio Romero
78.3%
49Roy Carroll
75.9%
23Mark Bosnich
71.3%
12Ben Foster
69.6%
37Raimond van der Gouw
66.3%
19Anders Lindegaard
64%
4Massimo Taibi
61.6%
Man.United Premier League Appearances Player % Correct
32Tomasz Kuszczak
52%
1Ben Amos
49.9%
2Víctor Valdés
46.8%
2)Andy Goram
34.8%
*1* ((2007))John O'Shea
33.1%
1Ricardo Lopez
30.8%
1Joel Castro Pereira
28.2%
13Gary Walsh
27.1%
6Kevin Pilkington
23.9%
1Paul Rachubka
19.1%
1Nick Culkin
18.8%

You're not logged in!

Compare scores with friends on all Sporcle quizzes.
OR
Log In

Sporcle TV

Today on Sporcle TV


Watch our educational content, quiz creation guides, and fun videos on Sporcle TV.

Show Comments

Extras

Top Quizzes Today


Score Distribution

Your Account Isn't Verified!

In order to create a playlist on Sporcle, you need to verify the email address you used during registration. Go to your Sporcle Settings to finish the process.

Report this User

Report this user for behavior that violates our Community Guidelines.

Details: